Národný front / Národné združenie na politickej mape Francúzska po prezidentských voľbách 2002

Politický radikalizmus ako fenomén spätý s európskym politickým myslením. Politická strana Národný front ako synonymum francúzskej extrémnej pravice. Zmena názvu strany Národný front na Národné združenie po nástupe Marine Le Pen do kresla predsedníčky strany. Súčasná francúzska politika.

Gespeichert in:
Bibliographische Detailangaben
1. Verfasser: Kucharčík, Rudolf, 1977-
Format: Buchkapitel
Sprache:Slowakisch
Schlagworte:
Tags: Tag hinzufügen
Keine Tags, Fügen Sie das erste Tag hinzu!

MARC

LEADER 00000naa$a2200000$$$4500
001 0287077
005 20240502074419.2
041 0 |a slo 
044 |a SK 
245 1 0 |a Národný front / Národné združenie na politickej mape Francúzska po prezidentských voľbách 2002  |c Rudolf Kucharčík 
520 |a Politický radikalizmus ako fenomén spätý s európskym politickým myslením. Politická strana Národný front ako synonymum francúzskej extrémnej pravice. Zmena názvu strany Národný front na Národné združenie po nástupe Marine Le Pen do kresla predsedníčky strany. Súčasná francúzska politika. 
610 2 0 |a strany politické 
610 2 0 |a hnutie politické 
610 2 0 |a radikalizmus 
610 2 0 |a voľby 
610 2 0 |a Francúzsko 
100 1 |a Kucharčík, Rudolf, 1977-